Malá dogmatika /

Hlavní autor: Michalko, Ján, 1912-1990
Další autoři: Koštial, Rudolf, 1913-1991
Jazyk: Slovenština
Vydáno: Bratislava : Cirkevné nakladateľstvo, 1986
Fyzický popis: 211 s.
Knihy
Uloženo v:
LEADER 00671nam a2200205 a 4500
001 000401802
003 CZ BrMZK
005 20050110103120.0
007 ta
008 980105s1986 xo f slo d
040 |a BOA001  |b cze 
080 |a 23(082)  |2 MRF 
100 1 |a Michalko, Ján,  |d 1912-1990  |7 jx20040726051  |4 com 
245 1 0 |a Malá dogmatika /  |c Zost. Ján Michalko, Rudolf Koštial 
260 |a Bratislava :  |b Cirkevné nakladateľstvo,  |c 1986 
300 |a 211 s. 
700 1 |a Koštial, Rudolf,  |d 1913-1991  |7 ola2002151523  |4 com 
910 |a BOA001  |b 2-0913.219 
990 |a BK 
996 7 |b 2619505121  |c 2-0913.219  |l MZK  |r Sklad / do 1 hodiny  |n 3  |w 000401802  |u 000010  |a 1  |e BOA001  |j MZK50  |s A